[Event "SVK-ch U16 Girls"]
[Site "Tatralandia"]
[Date "2025.05.11"]
[Round "1"]
[White "Morova, Jaroslava"]
[Black "Knapova, Nicol"]
[Result "1-0"]
[WhiteElo "1784"]
[BlackElo "1507"]
[PlyCount "120"]
[EventDate "2025.05.11"]
[EventType "swiss"]
[EventRounds "9"]
[EventCountry "SVK"]
[SourceTitle "CB21_2025"]
[SourceDate "2025.05.21"]
[SourceVersion "1"]
[SourceVersionDate "2025.05.21"]
[SourceQuality "1"]

1. e4 e5 2. Nf3 Nc6 3. Bc4 Bc5 4. 0-0 d6 5. h3 Nf6 6. d3 h6 7. c3 0-0 8. Re1 a6 9. b4 Ba7 10. a4 Be6 11. Bb3 Ne7 12. d4 exd4 13. cxd4 Bxb3 14. Qxb3 Ng6 15. Bb2 Nd7 16. Nbd2 Re8 17. Rad1 c6 18. d5 c5 19. b5 Nde5 20. Nxe5 Nxe5 21. Nc4 Nxc4 22. Qxc4 axb5 23. axb5 Qe7 24. Re3 f6 25. Rde1 Qf7 26. Rg3 Bb6 27. Ree3 Kh8 28. f4 Rg8 29. Rg4 Bd8 30. Reg3 g6 31. Rf3 Kh7 32. Rgg3 Qe7 33. Re3 Bc7 34. Qc3 Rgf8 35. Qd3 Qf7 36. Rgf3 Rae8 37. e5 fxe5 38. fxe5 Qg8 39. e6 Bd8 40. Rxf8 Rxf8 41. e7 Bxe7 42. Rxe7+ Rf7 43. Rxf7+ Qxf7 44. Qf3 Qxf3 45. gxf3 Kg8 46. Kg2 Kf7 47. Kg3 g5 48. f4 Kg6 49. fxg5 Kxg5 50. h4+ Kf5 51. Kf3 h5 52. Bc3 b6 53. Bb2 Kg6 54. Kf4 c4 55. Bc3 Kf7 56. Kg5 Kg8 57. Kxh5 Kh7 58. Kg5 Kg8 59. Kg6 Kf8 60. h5 Kg8 1-0

[Event "SVK-chT U16 rapid"]
[Site "Poprad"]
[Date "2025.05.04"]
[Round "1.16"]
[White "Banasova, Alica"]
[Black "Morova, Jaroslava"]
[Result "0-1"]
[WhiteElo "1000"]
[BlackElo "1552"]
[PlyCount "62"]
[EventDate "2025.05.04"]
[EventType "team-swiss (rapid)"]
[EventRounds "7"]
[EventCountry "SVK"]
[SourceTitle "CB19_2025"]
[SourceDate "2025.05.07"]
[SourceVersion "1"]
[SourceVersionDate "2025.05.07"]
[SourceQuality "1"]

1. d4 Nf6 2. c3 e6 3. e3 d5 4. Nf3 Be7 5. Bd3 0-0 6. 0-0 c5 7. Re1 c4 8. Bc2 b6 9. e4 dxe4 10. Bxe4 Nxe4 11. Rxe4 Bb7 12. Re1 a6 13. Na3 b5 14. b3 Qa5 15. Nb1 cxb3 16. Qxb3 Bd5 17. Qb2 Nd7 18. Ne5 Nb6 19. Qc2 Rfc8 20. Re3 Nc4 21. Nxc4 Rxc4 22. a3 Rac8 23. Bb2 Rxd4 24. Rh3 g6 25. Rd3 Be4 26. Qd2 Rxd3 27. Qc1 Rcd8 28. h4 Rd1+ 29. Qxd1 Rxd1+ 30. Kh2 Bd6+ 31. g3 Rh1# 0-1

[Event "SVK-chT U16 rapid"]
[Site "Poprad"]
[Date "2025.05.04"]
[Round "7.12"]
[White "Morova, Jaroslava"]
[Black "Knapova, Nicol"]
[Result "1-0"]
[WhiteElo "1552"]
[BlackElo "1469"]
[PlyCount "127"]
[EventDate "2025.05.04"]
[EventType "team-swiss (rapid)"]
[EventRounds "7"]
[EventCountry "SVK"]
[SourceTitle "CB19_2025"]
[SourceDate "2025.05.07"]
[SourceVersion "1"]
[SourceVersionDate "2025.05.07"]
[SourceQuality "1"]

1. e4 e5 2. Nf3 Nc6 3. Bc4 Bc5 4. 0-0 Nf6 5. d3 h6 6. h3 d6 7. c3 a6 8. b4 Ba7 9. Re1 Qe7 10. Be3 Be6 11. Bb3 0-0 12. Bxa7 Nxa7 13. Bc2 Rac8 14. d4 exd4 15. cxd4 Rfd8 16. Nc3 d5 17. e5 Nh5 18. a3 Nf4 19. Kh2 Qd7 20. Ng1 Bf5 21. Nce2 Nxe2 22. Rxe2 Bxc2 23. Qxc2 Nb5 24. Qd3 c6 25. Nf3 Nc7 26. Kg1 Ne6 27. Qe3 Re8 28. Nh4 Ng5 29. Qd3 Ne4 30. Re3 g5 31. Nf3 Re6 32. Nd2 Nxd2 33. Qxd2 Rg6 34. Rg3 Qf5 35. Rf1 Re8 36. Re1 Qe6 37. f4 gxf4 38. Qxf4 Rxg3 39. Qxg3+ Qg6 40. Qxg6+ fxg6 41. Rf1 Rf8 42. Rxf8+ Kxf8 43. Kf2 Ke7 44. Ke3 Ke6 45. Kf4 b6 46. h4 Ke7 47. g4 Ke6 48. a4 c5 49. bxc5 bxc5 50. dxc5 Kd7 51. Ke3 Ke6 52. Kd4 a5 53. c6 h5 54. g5 Kf5 55. c7 Kg4 56. c8Q+ Kxh4 57. Qd8 Kg4 58. Kxd5 h4 59. e6 h3 60. Qh8 Kg3 61. e7 h2 62. e8Q Kg2 63. Qe2+ Kg3 64. Qhxh2# 1-0

[Event "SVK-chT U16 rapid"]
[Site "Poprad"]
[Date "2025.05.04"]
[Round "4.12"]
[White "Morova, Jaroslava"]
[Black "Macakova, Bianka"]
[Result "0-1"]
[WhiteElo "1552"]
[BlackElo "1608"]
[PlyCount "82"]
[EventDate "2025.05.04"]
[EventType "team-swiss (rapid)"]
[EventRounds "7"]
[EventCountry "SVK"]
[SourceTitle "CB19_2025"]
[SourceDate "2025.05.07"]
[SourceVersion "1"]
[SourceVersionDate "2025.05.07"]
[SourceQuality "1"]

1. e4 e5 2. Nf3 Nc6 3. Bc4 Nf6 4. d3 Bc5 5. 0-0 d6 6. h3 Be6 7. Bb3 Qd7 8. c3 d5 9. exd5 Bxd5 10. Bc2 h6 11. b4 Bd6 12. Re1 0-0-0 13. Be3 Kb8 14. a4 g5 15. a5 g4 16. hxg4 Qxg4 17. c4 Rhg8 18. Nh4 Qxh4 19. cxd5 Nxd5 20. b5 Nd4 21. Bxd4 exd4 22. Re4 Qh2+ 23. Kf1 Qxg2+ 24. Ke2 Nf4+ 25. Kd2 Qxf2+ 26. Kc1 Rg1 27. Qxg1 Qxg1+ 28. Kb2 f5 29. Nd2 Qxa1+ 30. Kxa1 fxe4 31. Nxe4 Rg8 32. Kb2 h5 33. Nf6 Rg6 34. Nxh5 Nxh5 35. Kb3 Nf4 36. Kc4 Rg2 37. Bb3 Rd2 38. Kxd4 Rxd3+ 39. Ke4 Rxb3 40. a6 Rxb5 41. axb7 Kxb7 0-1

[Event "SVK-ch U14 Girls"]
[Site "Tatralandia"]
[Date "2024.04.11"]
[Round "8"]
[White "Polackova, Eva"]
[Black "Morova, Jaroslava"]
[Result "0-1"]
[WhiteElo "1626"]
[BlackElo "1649"]
[PlyCount "38"]
[EventDate "2024.04.05"]
[EventType "swiss"]
[EventRounds "9"]
[EventCountry "SVK"]
[SourceTitle "CBM 219 Extra"]
[Source "ChessBase"]
[SourceDate "2024.05.31"]
[SourceVersion "1"]
[SourceVersionDate "2024.05.31"]
[SourceQuality "1"]

1. d4 d5 2. c4 dxc4 3. e3 Nf6 4. Bxc4 e6 5. Nf3 Bd6 6. 0-0 0-0 7. Nc3 b6 8. e4 Be7 9. Bf4 Bb7 10. Re1 c5 11. d5 exd5 12. exd5 Bd6 13. Bxd6 Qxd6 14. Nb5 Qf4 15. Ne5 Nbd7 16. Nxd7 Nxd7 17. Bf1 Nf6 18. d6 Ng4 19. g3 Qxf2# 0-1

[Event "SVK-ch U14 Girls"]
[Site "Tatralandia"]
[Date "2024.04.07"]
[Round "4"]
[White "Haasova, Timea"]
[Black "Morova, Jaroslava"]
[Result "1-0"]
[WhiteElo "1917"]
[BlackElo "1649"]
[PlyCount "49"]
[EventDate "2024.04.05"]
[EventType "swiss"]
[EventRounds "9"]
[EventCountry "SVK"]
[SourceTitle "CBM 219 Extra"]
[Source "ChessBase"]
[SourceDate "2024.05.31"]
[SourceVersion "1"]
[SourceVersionDate "2024.05.31"]
[SourceQuality "1"]

1. d4 d5 2. Nf3 Nf6 3. e3 e6 4. Bd3 c5 5. b3 b6 6. Bb2 Bb7 7. Nbd2 Be7 8. 0-0 0-0 9. Ne5 Nc6 10. a3 Qc7 11. f4 a6 12. Qe2 b5 13. dxc5 Bxc5 14. Nxc6 Bxc6 15. Bxf6 gxf6 16. Bxh7+ Kxh7 17. Qh5+ Kg7 18. Qg4+ Kh7 19. Rf3 Bxe3+ 20. Kh1 Bxf4 21. Rh3+ Bh6 22. Qh4 Kg6 23. Qxh6+ Kf5 24. Qh5+ Kf4 25. Rf3# 1-0

[Event "SVK-ch U14 Girls"]
[Site "Dudince"]
[Date "2023.04.23"]
[Round "9"]
[White "Sosovickova, Martina"]
[Black "Morova, Jaroslava"]
[Result "1-0"]
[WhiteElo "1759"]
[BlackElo "1237"]
[PlyCount "57"]
[EventDate "2023.04.16"]
[EventType "swiss"]
[EventRounds "9"]
[EventCountry "SVK"]
[SourceTitle "CBM 213 Extra"]
[Source "ChessBase"]
[SourceDate "2023.05.31"]
[SourceVersion "1"]
[SourceVersionDate "2023.05.31"]
[SourceQuality "1"]

1. e4 e6 2. d4 d5 3. Bd3 Nc6 4. c3 b6 5. Nf3 g6 6. Bb5 Nge7 7. Bg5 Bd7 8. Bxc6 Bxc6 9. Ne5 Qd6 10. Qf3 f5 11. exf5 exf5 12. 0-0 Bg7 13. Re1 0-0 14. Nd2 Rfe8 15. Qh3 Bb7 16. f4 c5 17. Ndf3 Rac8 18. Re3 Nc6 19. Rae1 Re6 20. Nc4 dxc4 21. Rxe6 Qb8 22. Bh6 cxd4 23. Ng5 Qa8 24. Bxg7 h5 25. Rxg6 Re8 26. Be5+ Kf8 27. Bd6+ Re7 28. Qxf5+ Ke8 29. Rg8# 1-0

[Event "SVK-ch U14 Girls"]
[Site "Dudince"]
[Date "2023.04.20"]
[Round "6"]
[White "Morova, Jaroslava"]
[Black "Novomeska, Karin"]
[Result "0-1"]
[WhiteElo "1237"]
[BlackElo "1779"]
[PlyCount "120"]
[EventDate "2023.04.16"]
[EventType "swiss"]
[EventRounds "9"]
[EventCountry "SVK"]
[SourceTitle "CBM 213 Extra"]
[Source "ChessBase"]
[SourceDate "2023.05.31"]
[SourceVersion "1"]
[SourceVersionDate "2023.05.31"]
[SourceQuality "1"]

1. e4 e6 2. d3 d5 3. Nf3 dxe4 4. dxe4 Qxd1+ 5. Kxd1 Bc5 6. Nc3 Bxf2 7. Nb5 Bb6 8. Bf4 Na6 9. Bd3 Bd7 10. Nbd4 Nb4 11. Bb5 Bxb5 12. Nxb5 0-0-0+ 13. Kc1 a6 14. Nc3 f6 15. e5 Ne7 16. a3 Nbd5 17. Bd2 Be3 18. Nxd5 Bxd2+ 19. Nxd2 Rxd5 20. exf6 gxf6 21. Ne4 Rf5 22. Kd2 Rd8+ 23. Ke2 Nd5 24. g3 Re5 25. Kf3 f5 26. Nf2 Re3+ 27. Kg2 e5 28. Rae1 e4 29. c4 Rxe1 30. Rxe1 Nf6 31. h3 Rd2 32. b3 h5 33. Kf1 Rb2 34. Re3 b5 35. Rc3 bxc4 36. bxc4 a5 37. Nd1 Rh2 38. Nf2 e3 39. Rxe3 Ne4 40. Nxe4 fxe4 41. Rxe4 Ra2 42. Re3 Rc2 43. Re5 Rxc4 44. Rxa5 c5 45. g4 hxg4 46. hxg4 Kb7 47. Rb5+ Kc6 48. Rb3 Rxg4 49. Ke2 c4 50. Rc3 Kc5 51. Kd1 Kd4 52. Rf3 c3 53. Ke2 Kc4 54. Rf1 Kb3 55. Rf3 Kb2 56. Rf2 c2 57. Kf3 Rc4 58. Ke3 Kxa3 59. Rf1 c1Q+ 60. Rxc1 Rxc1 0-1

[Event "SVK-ch U14 Girls"]
[Site "Dudince"]
[Date "2023.04.18"]
[Round "4"]
[White "Horvathova, Hana"]
[Black "Morova, Jaroslava"]
[Result "1-0"]
[WhiteElo "1478"]
[BlackElo "1237"]
[PlyCount "103"]
[EventDate "2023.04.16"]
[EventType "swiss"]
[EventRounds "9"]
[EventCountry "SVK"]
[SourceTitle "CBM 213 Extra"]
[Source "ChessBase"]
[SourceDate "2023.05.31"]
[SourceVersion "1"]
[SourceVersionDate "2023.05.31"]
[SourceQuality "1"]

1. e4 e6 2. d4 d5 3. exd5 exd5 4. Nf3 Nf6 5. Bd3 Nc6 6. c3 h6 7. 0-0 Be6 8. Re1 Bd6 9. Qc2 0-0 10. Nbd2 Qd7 11. Ne5 Bxe5 12. dxe5 Ne8 13. b3 f6 14. Ba3 Ne7 15. Nf3 f5 16. Nd4 g6 17. Rad1 Ng7 18. c4 Rfc8 19. Nxe6 Nxe6 20. Bxe7 dxc4 21. Bxf5 Qxe7 22. Bxe6+ Qxe6 23. Qxc4 Qxc4 24. bxc4 Re8 25. f4 Kf7 26. Rd7+ Re7 27. Red1 Rae8 28. Kf2 Ke6 29. Rxe7+ Rxe7 30. Ke3 Kf5 31. Kf3 h5 32. h3 g5 33. g4+ hxg4+ 34. hxg4+ Kg6 35. f5+ Kf7 36. e6+ Ke8 37. Ke4 c6 38. a4 a6 39. Ke5 b5 40. cxb5 cxb5 41. axb5 axb5 42. f6 Rb7 43. e7 Rb8 44. Ke6 Rb6+ 45. Rd6 Rxd6+ 46. Kxd6 b4 47. f7+ Kxf7 48. Kd7 b3 49. e8Q+ Kg7 50. Ke7 Kh7 51. Kf7 Kh6 52. Qh8# 1-0

[Event "EU Union-ch U12"]
[Site "Pec pod Snezkou"]
[Date "2022.08.30"]
[Round "9"]
[White "Barteckova, Valerie"]
[Black "Morova, Jaroslava"]
[Result "1-0"]
[WhiteElo "1403"]
[BlackElo "1323"]
[PlyCount "111"]
[EventDate "2022.08.22"]
[EventType "swiss"]
[EventRounds "9"]
[EventCountry "CZE"]
[SourceTitle "EXT 2023"]
[Source "ChessBase"]
[SourceDate "2022.10.05"]
[SourceVersion "1"]
[SourceVersionDate "2022.10.05"]
[SourceQuality "1"]

1. e4 e5 2. Nf3 Nc6 3. Bb5 d6 4. d4 Bd7 5. Nc3 a6 6. Bxc6 Bxc6 7. dxe5 dxe5 8. Qxd8+ Rxd8 9. Nxe5 Bd7 10. 0-0 Nf6 11. Bg5 Be7 12. Rad1 h6 13. Bh4 g5 14. Bg3 h5 15. Nxd7 Rxd7 16. Rxd7 Kxd7 17. Rd1+ Kc8 18. Nd5 Nxd5 19. Rxd5 f6 20. h4 c6 21. Rd3 Rd8 22. hxg5 fxg5 23. Rxd8+ Kxd8 24. f4 gxf4 25. Bxf4 Ke8 26. Kf2 Kf7 27. Ke3 Bc5+ 28. Kd3 Ke6 29. Kc4 Bd6 30. Bxd6 Kxd6 31. Kd4 c5+ 32. Ke3 Ke5 33. Kf3 b5 34. Ke3 a5 35. Kf3 a4 36. g3 b4 37. b3 axb3 38. cxb3 Kf6 39. Kf4 Kg6 40. e5 Kf7 41. Kf5 Ke7 42. e6 Ke8 43. Ke5 Ke7 44. Kd5 Ke8 45. Kxc5 Ke7 46. Kxb4 Kxe6 47. a4 Kd6 48. Kc4 Kc6 49. b4 Kc7 50. a5 Kb7 51. b5 Ka7 52. b6+ Kb7 53. Kd5 Kc8 54. Kc6 Kb8 55. a6 Kc8 56. a7 1-0

[Event "EU Union-ch U12"]
[Site "Pec pod Snezkou"]
[Date "2022.08.23"]
[Round "2"]
[White "Morova, Jaroslava"]
[Black "Pukite, Elza"]
[Result "0-1"]
[WhiteElo "1323"]
[BlackElo "1200"]
[PlyCount "162"]
[EventDate "2022.08.22"]
[EventType "swiss"]
[EventRounds "9"]
[EventCountry "CZE"]
[SourceTitle "EXT 2023"]
[Source "ChessBase"]
[SourceDate "2022.10.05"]
[SourceVersion "1"]
[SourceVersionDate "2022.10.05"]
[SourceQuality "1"]

1. e4 e5 2. Bc4 Nf6 3. d3 c6 4. Nf3 d5 5. exd5 cxd5 6. Bb3 Bb4+ 7. Bd2 Bd6 8. Nc3 Be6 9. 0-0 0-0 10. Bg5 Nbd7 11. Nxd5 h6 12. Bh4 Bxd5 13. Bxd5 g5 14. Bb3 gxh4 15. Nxh4 Nc5 16. Bc4 Nh7 17. Nf5 Qf6 18. Qg4+ Kh8 19. Qh5 Bc7 20. Nxh6 Ne6 21. Rae1 Nf4 22. Nxf7+ Rxf7 23. Qxf7 Qxf7 24. Bxf7 Rf8 25. Bc4 Nf6 26. c3 N6h5 27. g3 Nh3+ 28. Kg2 Ng5 29. h4 Nf3 30. Re3 Nd2 31. Bd5 Nxf1 32. Kxf1 b6 33. d4 exd4 34. cxd4 Bxg3 35. Rf3 Bd6 36. Rxf8+ Bxf8 37. Bf3 Nf4 38. Be4 Be7 39. d5 Bxh4 40. f3 Kg7 41. d6 Kf7 42. d7 Ne6 43. Bf5 Nc5 44. Ke2 Ke7 45. f4 a5 46. Ke3 Bf6 47. b3 b5 48. Bh3 b4 49. Kf3 Bb2 50. Ke3 Bf6 51. Bg4 Bb2 52. f5 Kxd7 53. Kf4 Ke7 54. Kg5 Bf6+ 55. Kf4 Kd6 56. Bh3 Nd3+ 57. Ke3 Nc1 58. Kd2 Nxa2 59. Kd3 Kc5 60. Kc2 Nc3 61. Bf1 a4 62. bxa4 Nxa4 63. Kb3 Nb2 64. Bg2 Nd3 65. Be4 Nc1+ 66. Kc2 Kd4 67. Kxc1 Kxe4 68. Kc2 Kxf5 69. Kb3 Be7 70. Kc4 Ke5 71. Kb3 Kd4 72. Kc2 Kc4 73. Kb2 Bf6+ 74. Kc2 b3+ 75. Kb1 Kb4 76. Kc1 Ka3 77. Kb1 Bh8 78. Kc1 Ka2 79. Kd2 b2 80. Kc2 b1Q+ 81. Kd2 Qb4+ 0-1

[Event "EU Union-ch U12"]
[Site "Pec pod Snezkou"]
[Date "2022.08.22"]
[Round "1"]
[White "Kroulik, Vaclav"]
[Black "Morova, Jaroslava"]
[Result "1-0"]
[WhiteElo "1809"]
[BlackElo "1323"]
[PlyCount "91"]
[EventDate "2022.08.22"]
[EventType "swiss"]
[EventRounds "9"]
[EventCountry "CZE"]
[SourceTitle "EXT 2023"]
[Source "ChessBase"]
[SourceDate "2022.10.05"]
[SourceVersion "1"]
[SourceVersionDate "2022.10.05"]
[SourceQuality "1"]

1. e4 e5 2. Nf3 Nc6 3. d4 d6 4. dxe5 dxe5 5. Qxd8+ Kxd8 6. Bc4 Ke8 7. 0-0 a6 8. Nc3 h6 9. Be3 Nf6 10. a3 Bd6 11. h3 b5 12. Be2 Bb7 13. b4 Ne7 14. Nd2 Nd7 15. Nb3 Rc8 16. Nc5 Bxc5 17. bxc5 f5 18. f4 fxe4 19. fxe5 Rd8 20. Rad1 Nf8 21. Rxd8+ Kxd8 22. Rf7 g6 23. Bxh6 Ke8 24. Rxf8+ Rxf8 25. Bxf8 Kxf8 26. Kf2 Nf5 27. g4 Nd4 28. Bd1 Ne6 29. Ke3 Nxc5 30. g5 Bc6 31. Bg4 a5 32. Kd4 Nd7 33. Nxe4 a4 34. c3 Nb6 35. Be2 Bd5 36. Bxb5 c6 37. Bd3 Ke7 38. Nd6 Nd7 39. Bxg6 Bg2 40. Nf5+ Kf8 41. e6 c5+ 42. Ke3 Nf6 43. e7+ Kg8 44. gxf6 Bc6 45. f7+ Kh8 46. f8R# 1-0

[Event "SVK-ch U12 Girls"]
[Site "Stara Lubovna"]
[Date "2022.05.28"]
[Round "7"]
[White "Salokova, Stela"]
[Black "Morova, Jaroslava"]
[Result "0-1"]
[WhiteElo "1034"]
[BlackElo "1257"]
[PlyCount "114"]
[EventDate "2022.05.21"]
[EventType "tourn"]
[EventRounds "7"]
[EventCountry "SVK"]
[SourceTitle "CBM 208 Extra"]
[Source "ChessBase"]
[SourceDate "2022.07.31"]
[SourceVersion "1"]
[SourceVersionDate "2022.07.31"]
[SourceQuality "1"]

1. e4 e5 2. Nf3 Nc6 3. Bb5 d6 4. h3 Qf6 5. d3 h6 6. 0-0 Qg6 7. Nh4 Qf6 8. Nc3 Qxh4 9. Bxc6+ bxc6 10. Qf3 Nf6 11. b4 Qh5 12. Qxh5 Nxh5 13. b5 c5 14. Nd5 Kd7 15. Bd2 c6 16. Nc3 a6 17. bxc6+ Kxc6 18. Nd5 Nf6 19. Ne3 g5 20. Nc4 Be7 21. Rab1 Nd7 22. Na5+ Kc7 23. Nc4 Kd8 24. Ba5+ Ke8 25. Bc7 f6 26. c3 Kf7 27. Ne3 a5 28. Nf5 Ba6 29. c4 Nf8 30. Bxa5 Bxc4 31. dxc4 Rxa5 32. Rb7 Ng6 33. Ra1 Ra6 34. Rab1 h5 35. R1b6 Rxb6 36. Rxb6 Nh4 37. Ne3 Ke6 38. Nd5 f5 39. Nc7+ Kd7 40. Nd5 Bd8 41. Ra6 fxe4 42. Ra8 Ng6 43. a4 Kc6 44. a5 Kb7 45. Nb6 Bxb6 46. Rxh8 Nxh8 47. axb6 Kxb6 48. Kh2 Ka5 49. Kg3 Ng6 50. f3 e3 51. Kh2 e2 52. f4 e1Q 53. f5 Nf8 54. f6 h4 55. g3 hxg3+ 56. Kg2 Qf2+ 57. Kh1 Qh2# 0-1

[Event "SVK-ch U12 Girls"]
[Site "Stara Lubovna"]
[Date "2021.07.01"]
[Round "7"]
[White "Morova, Jaroslava"]
[Black "Jozefiakova, Alexandra"]
[Result "1-0"]
[WhiteElo "1151"]
[BlackElo "1000"]
[PlyCount "79"]
[EventDate "2021.06.26"]
[EventType "swiss"]
[EventRounds "9"]
[EventCountry "SVK"]
[SourceTitle "CBM 203 Extra"]
[Source "ChessBase"]
[SourceDate "2021.09.30"]
[SourceVersion "1"]
[SourceVersionDate "2021.09.30"]
[SourceQuality "1"]

1. d4 d5 2. Bf4 Nf6 3. e3 Nc6 4. c3 Bf5 5. Nf3 h6 6. h3 e6 7. Bb5 Bd6 8. Be5 0-0 9. Bxc6 bxc6 10. 0-0 Rb8 11. b4 Ne4 12. Qa4 Bxe5 13. Nxe5 Qd6 14. Nxc6 Rb6 15. Nxa7 Ra8 16. Na3 Ra6 17. Qc2 R8xa7 18. Nb5 Qb6 19. Nxa7 Rxa7 20. a4 Nd6 21. a5 Qa6 22. Qa4 c6 23. g4 Bd3 24. Rfe1 Rb7 25. f4 Rb5 26. Red1 Bc2 27. Qxc2 Nc4 28. Kf2 Rb7 29. e4 Re7 30. Re1 Nd6 31. exd5 cxd5 32. f5 Ne4+ 33. Kf3 exf5 34. gxf5 Ng5+ 35. Kg4 Rd7 36. Re8+ Kh7 37. f6+ Qd3 38. Qxd3+ g6 39. Re7 Rd6 40. h4 1-0

[Event "SVK-ch U12 Girls"]
[Site "Stara Lubovna"]
[Date "2021.06.28"]
[Round "3"]
[White "Krajnakova, Martina"]
[Black "Morova, Jaroslava"]
[Result "0-1"]
[WhiteElo "1039"]
[BlackElo "1151"]
[PlyCount "66"]
[EventDate "2021.06.26"]
[EventType "swiss"]
[EventRounds "9"]
[EventCountry "SVK"]
[SourceTitle "CBM 203 Extra"]
[Source "ChessBase"]
[SourceDate "2021.09.30"]
[SourceVersion "1"]
[SourceVersionDate "2021.09.30"]
[SourceQuality "1"]

1. d4 d5 2. c4 Nf6 3. Nc3 e6 4. Bg5 h6 5. Bh4 g5 6. Bg3 Bd7 7. Nf3 dxc4 8. e4 Bb4 9. e5 Ne4 10. Qc1 Bxc3+ 11. bxc3 Nxg3 12. hxg3 g4 13. Nd2 f6 14. Nxc4 fxe5 15. Nxe5 h5 16. Bd3 Qf6 17. Bg6+ Kf8 18. Rb1 Bc6 19. Bxh5 Be8 20. Qa3+ Kg7 21. Nxg4 Qg5 22. f4 Qd8 23. Kf2 Bxh5 24. Ne5 Bg6 25. Rbe1 Rxh1 26. Rxh1 Nc6 27. Ng4 Qd5 28. Qc1 Qxa2+ 29. Ke1 Qxg2 30. Rh6 Qxg3+ 31. Kf1 Qxg4 32. Rh2 Qf3+ 33. Ke1 Qg3+ 0-1

[Event "SVK-ch U12 Girls"]
[Site "Stara Lubovna"]
[Date "2021.06.26"]
[Round "1"]
[White "Novomeska, Karin"]
[Black "Morova, Jaroslava"]
[Result "1-0"]
[WhiteElo "1455"]
[BlackElo "1151"]
[PlyCount "25"]
[EventDate "2021.06.26"]
[EventType "swiss"]
[EventRounds "9"]
[EventCountry "SVK"]
[SourceTitle "CBM 203 Extra"]
[Source "ChessBase"]
[SourceDate "2021.09.30"]
[SourceVersion "1"]
[SourceVersionDate "2021.09.30"]
[SourceQuality "1"]

1. d4 b6 2. c4 d5 3. cxd5 Qxd5 4. Nc3 Qf5 5. e4 Qg6 6. Nf3 e6 7. Ne5 Qf6 8. Bb5+ Bd7 9. Bxd7+ Nxd7 10. Qa4 0-0-0 11. Qa6+ Kb8 12. Nc6+ Ka8 13. Qxa7# 1-0

[Event "SVK-ch U10 Girls"]
[Site "Liptovsky Mikulas"]
[Date "2019.04.30"]
[Round "9"]
[White "Kaufmanova, Karin"]
[Black "Morova, Jaroslava"]
[Result "1-0"]
[WhiteElo "1000"]
[BlackElo "1000"]
[PlyCount "25"]
[EventDate "2019.04.23"]
[EventType "swiss"]
[EventRounds "9"]
[EventCountry "SVK"]
[SourceTitle "CBM 190 Extra"]
[Source "ChessBase"]
[SourceDate "2019.07.15"]
[SourceVersion "1"]
[SourceVersionDate "2019.07.15"]
[SourceQuality "1"]

1. e4 e5 2. Nf3 d6 3. Nc3 Bg4 4. Bc4 Bxf3 5. Qxf3 Nh6 6. d3 Be7 7. Bd5 c6 8. Bb3 0-0 9. Be3 a6 10. 0-0-0 Qe8 11. Qg3 Nd7 12. Bxh6 Qd8 13. Qxg7# 1-0

[Event "SVK-ch U10 Girls"]
[Site "Liptovsky Mikulas"]
[Date "2019.04.29"]
[Round "8"]
[White "Marcinkova, Lydia"]
[Black "Morova, Jaroslava"]
[Result "1-0"]
[WhiteElo "1000"]
[BlackElo "1000"]
[PlyCount "51"]
[EventDate "2019.04.23"]
[EventType "swiss"]
[EventRounds "9"]
[EventCountry "SVK"]
[SourceTitle "CBM 190 Extra"]
[Source "ChessBase"]
[SourceDate "2019.07.15"]
[SourceVersion "1"]
[SourceVersionDate "2019.07.15"]
[SourceQuality "1"]

1. e4 e5 2. Nf3 Qe7 3. Nc3 Qe6 4. d3 Bd6 5. d4 Nf6 6. dxe5 Bxe5 7. Nxe5 Qxe5 8. Be2 0-0 9. 0-0 b6 10. Re1 Bb7 11. Bf3 Re8 12. Bd2 Nc6 13. Nd5 Rac8 14. Bf4 Qxb2 15. Nxf6+ gxf6 16. Qxd7 Red8 17. Qg4+ Kh8 18. e5 fxe5 19. Bxc6 Rb8 20. Bxe5+ Qxe5 21. Rxe5 Bxc6 22. Qh4 Rd7 23. Rae1 Rd6 24. Re7 Rd2 25. Rxf7 Rxc2 26. Qxh7# 1-0

[Event "SVK-ch U10 Girls"]
[Site "Liptovsky Mikulas"]
[Date "2019.04.25"]
[Round "4"]
[White "Krajnakova, Martina"]
[Black "Morova, Jaroslava"]
[Result "1-0"]
[WhiteElo "1000"]
[BlackElo "1000"]
[PlyCount "93"]
[EventDate "2019.04.23"]
[EventType "swiss"]
[EventRounds "9"]
[EventCountry "SVK"]
[SourceTitle "CBM 190 Extra"]
[Source "ChessBase"]
[SourceDate "2019.07.15"]
[SourceVersion "1"]
[SourceVersionDate "2019.07.15"]
[SourceQuality "1"]

1. e4 e5 2. Nf3 d6 3. Bc4 g6 4. 0-0 Nf6 5. Nc3 Bg7 6. d3 0-0 7. Re1 Re8 8. Ng5 Bg4 9. f3 Bd7 10. Bxf7+ Kf8 11. Be3 Re7 12. Bd5 Na6 13. f4 c6 14. Bb3 h6 15. Nf3 Be6 16. Bxe6 Rxe6 17. d4 Nd7 18. d5 Re7 19. f5 g5 20. Rf1 Kg8 21. Ne2 g4 22. Nh4 Bf8 23. Ng3 Re8 24. Qxg4+ Bg7 25. Qg6 Nf8 26. Qg4 Nc7 27. Bxh6 Re7 28. f6 Rf7 29. Nhf5 Ne8 30. Bxg7 Nxg7 31. Nxg7 Qd7 32. Qg5 Qc7 33. Ne8+ Rg7 34. Nxg7 Nh7 35. f7+ Qxf7 36. Qg4 Qxg7 37. Qe6+ Kh8 38. Rf7 Qg8 39. Qf5 Rf8 40. Rxh7+ Qxh7 41. Qxf8+ Qg8 42. Qxd6 a6 43. Rf1 Qg7 44. Rf8+ Kh7 45. Nf5 Qg6 46. Qe7+ Qg7 47. Qxg7# 1-0